000 00426nam a22001457a 4500
005 20250814155557.0
008 250814b |||||||| |||| 00| 0 eng d
100 _aMAJIODE KUYANDA BONFACE
245 _aFRAMEWORK FOR MANAGEMENT OF LOCAL CONTENT IN UNIVERSITY LIBRARIES IN KENYA
260 _aKISII
_bKISII UNIVERSITY
_c2015
300 _aXII,63P.
500 _aINCLUDES AN INDEX
650 _aLIBRARIES
942 _2lcc
_cREF
999 _c216039
_d216039